Romans /

I tiakina i:
Ngā taipitopito rārangi puna kōrero
Kaituhi matua: Pasolini, Pier Paolo (Author)
Ētahi atu kaituhi: Naldini, Nico
Hōputu: Pukapuka
Reo:Itāriana
I whakaputaina: Parma : Guanda, 1994
Rangatū:Narratori della fenice
Ngā Tūtohu: Tāpirihia he Tūtohu
Kāore He Tūtohu, Me noho koe te mea tuatahi ki te tūtohu i tēnei pūkete!

MARC

LEADER 00000nam a22000007i 4500
001 IT\ICCU\RLZ\0201557
003 ItRI
005 20260115231929.0
008 020701s1994 it |||||| ||||| |||||c
020 |a 8877467487 
040 |b ita  |c importazione bologna sebina 
041 7 |a ita  |2 ISO-639-2 
100 1 |a Pasolini, Pier Paolo  |0 IT\ICCU\CFIV\001068  |4 aut 
245 1 0 |a Romans /  |c Pier Paolo Pasolini ; a cura di Nico Naldini. 
260 |a Parma :  |b Guanda,  |c 1994 
300 |a 161 p. ;  |c 22 cm 
700 1 |a Naldini, Nico  |0 IT\ICCU\CFIV\022524 
790 1 |a Naldini, Domenico,  |d  (1929-2020)  |3 IT\ICCU\AUFV\001378  |z Naldini, Nico 
830 0 |a Narratori della fenice  |0 IT\ICCU\ANA\0226784 
942 |2 ddc  |c BK  |n 0 
952 |0 0  |1 0  |4 0  |6 DOC_853_914000000000000_PAS  |7 0  |9 16889  |a BO  |b BO  |d 2026-01-15  |i 3305  |l 0  |o DOC 853.914 PAS  |p BO3305  |r 2026-01-15 23:19:29  |w 2026-01-15  |x [Sebina 5] [1 v.]  |y BK  |z 1 v. 
999 |c 14427  |d 14427